00501nam a22001337a 4500008004100000020001800041050002500059100002000084245009400104250001300198260005400211300006100265700004100326150622b xxu||||| |||| 00| 0 eng d a9789810109783 aQA 13.5 .K45m5b 2008 aKheong, Fong Ho aMy pals are here! :maths 5b /cDr. Fong Ho Keong ; Gan Kee Soon ; Chelvi Ramakrishnan .-- a2nd ed.  aSingapore :bMarshall Cavendish Educationcc2008. a186 pages : .,bcolor illustrations., c27 cm.eTextbook aSoon, Gan Kee., Ramkrishnan, Chelvi.